| 000 | 00403nam a2200145Ia 4500 | ||
|---|---|---|---|
| 008 | 210210b1956 xxu||||| |||| 00| 0 eng d | ||
| 082 | _a090/102 | ||
| 100 | _aTATA IRON AND STEEL COMPANY LTD. | ||
| 245 | _aEconomic guide to India I. | ||
| 260 |
_aCalcutta _bTata Iron and Steel Company Limited _c1956 |
||
| 300 | _a12 | ||
| 650 | _aMap Cofee Coal Rubber Sugar | ||
| 690 | _aEconomics | ||
| 906 | _a000739 | ||
| 999 |
_c77252 _d77252 |
||